Hablar con ton y son (Record no. 137460)

MARC details
000 -LEADER
campo de control de longitud fija 00600nam a2200205 i 4500
001 - NÚMERO DE CONTROL
campo de control 137460
003 - IDENTIFICADOR DE NÚMERO DE CONTROL
campo de control ES-MaACL
005 - FECHA Y HORA DE LA ÚLTIMA TRANSACCIÓN
campo de control 20240126063015.0
007 - CAMPO FIJO DE DESCRIPCIÓN FÍSICA--INFORMACIÓN GENERAL
campo de control de longitud fija t|
008 - DATOS DE LONGITUD FIJA--INFORMACIÓN GENERAL
campo de control de longitud fija 070214s1969 sp |||| |dspa d
080 ## - NÚMERO DE LA CLASIFICACIÓN DECIMAL UNIVERSAL
Número de la Clasificación Decimal Universal 929(460)(047.53)
100 1# - ENTRADA PRINCIPAL--NOMBRE DE PERSONA
Nombre de persona Arco, Manuel del,
Fechas asociadas al nombre 1909-1971
9 (RLIN) 22504
245 10 - MENCIÓN DEL TÍTULO
Título Hablar con ton y son
Resto del título : [111 personajes hablan en voz alta] /
Mención de responsabilidad, etc. Del Arco.
250 ## - MENCION DE EDICION
Mención de edición 1ª ed.
260 ## - PUBLICACIÓN, DISTRIBUCIÓN, ETC.
Lugar de publicación, distribución, etc. Barcelona :
Nombre del editor, distribuidor, etc. Planeta,
Fecha de publicación, distribución, etc. 1969.
300 ## - DESCRIPCIÓN FÍSICA
Extensión 479 p. ;
Dimensiones 21 cm.
650 #4 - PUNTO DE ACCESO ADICIONAL DE MATERIA--TÉRMINO DE MATERIA
Término de materia o nombre geográfico como elemento de entrada Españoles-
Subdivisión de forma Entrevistas.
9 (RLIN) 167822
852 ## - LOCALIZACIÓN
Ubicación ES-MaACL
Número de control de estantería C-38851
Holdings
Estatus retirado Estado de pérdida Estado de daño No para préstamo Biblioteca de origen Biblioteca actual Ubicación en estantería Fecha de adquisición Fuente de adquisición Total de préstamos Signatura topográfica completa Código de barras Visto por última vez Precio de reemplazo Tipo de ítem Koha
        Biblioteca del Ateneo de Madrid Biblioteca del Ateneo de Madrid Depósito 2 17/01/2008     C-38851 1143047 23/02/2023 23/02/2023 Libro impreso